000 00938nam a2200277 a 4500
001 000022402
003 DO-SdBNP
005 20250707112615.0
007 ta
008 101007s2000 dr r 001 0 spa d
040 _aDO-SdBNP
_bspa
_cBNPHU
082 _a330
_bC965e
100 1 _aCuevas, Daris Javier
_9639
245 1 0 _aEconomía en la era de la globalización /
_cDaris Javier Cuevas Nin; corrección Víctor Cuesta ; pról. de Daniel Guerrero Taveras.
260 _aSanto Domingo :
_bEditora Búho,
_c2000.
300 _a231 p. ;
_c24 cm.
590 _aInventariado, 2022 / DG
650 0 _aEconomia
_985383
650 0 _aGlobalización
_91524
651 4 _aRepública Dominicana
_xIntegración Económica
_92985
651 0 _aRepública Dominicana
_xPolítica y gobierno
_945
700 1 _aCuesta, Víctor ,
_ecorrección.
_946199
700 1 _aGuerrero Taveras, Daniel
_epról..
_946199
910 _aDG
942 _2ddc
_cLBS1
999 _c52055
_d52055